00548nam a2200193 a 4500001001300000003000900013005001700022008004100039020002300080082001700103100002700120245004100147260003300188300000900221500003500230505003900265650002300304700002700327nice12345678IN_TiNIC20260116015003.0050524s1982 onta grp 000 0 eng  a0836156 c10000a261.873bSTE aSteiner, Susan Clemmer aJoining the Army That Needs No Blood aOntariobHerald Press c1982 a155p aincludes index and biblioraphy2 aIndex, Index of Biblical Citations aPeace-Christianity1 aSteiner, Susan Clemmer